| 000 | 00410nam a2200169 a 4500 | ||
|---|---|---|---|
| 020 | _a0849366895 | ||
| 040 | _cDLC | ||
| 082 | _a612 CRC 1987 A044 Or. | ||
| 245 | 0 | 4 | _aThe Salivary system / |
| 260 |
_aBoca Raton, Fla. : _bCRC Press, _cc1987 |
||
| 300 |
_a233 p. : _bill. ; _c26 cm |
||
| 650 | 0 | _aSalivary glands | |
| 650 | 2 | _aSaliva | |
| 650 | 2 | _aSalivary Glands | |
| 700 | 1 | _aSreebny, Leo M. | |
| 942 | _cEK | ||
| 999 |
_c12929 _d12929 |
||